| 000 | 00453 a2200157 4500 | ||
|---|---|---|---|
| 003 | OSt | ||
| 005 | 20240905103727.0 | ||
| 008 | 231018b |||||||| |||| 00| 0 eng d | ||
| 040 | _coclc | ||
| 082 |
_a920 _bAKK/S |
||
| 100 |
_aAkkad, Abas Muhmmed _910492 |
||
| 245 |
_aSHAER ANDALSI / _cAbas Muhmmed Akkad |
||
| 260 |
_aBeiruth: _bDav ul kithab Al Awabi, _c1971. |
||
| 300 | _a318P. ; | ||
| 942 |
_2ddc _cBK _h920 _iAKK/S _k920 _mAKK/S |
||
| 999 |
_c42669 _d42669 |
||